<?xml version="1.0" encoding="UTF-8"?>
<record
    xmlns:xsi="http://www.w3.org/2001/XMLSchema-instance"
    xsi:schemaLocation="http://www.loc.gov/MARC21/slim http://www.loc.gov/standards/marcxml/schema/MARC21slim.xsd"
    xmlns="http://www.loc.gov/MARC21/slim">

  <leader>01079nam a22002537a 4500</leader>
  <controlfield tag="005">20170123164157.0</controlfield>
  <datafield tag="010" ind1=" " ind2=" ">
    <subfield code="a">B-081196</subfield>
  </datafield>
  <datafield tag="020" ind1=" " ind2=" ">
    <subfield code="c">160.00</subfield>
  </datafield>
  <datafield tag="035" ind1=" " ind2=" ">
    <subfield code="a">B-081196</subfield>
  </datafield>
  <datafield tag="037" ind1=" " ind2=" ">
    <subfield code="b">Cen Lib/Ret</subfield>
  </datafield>
  <datafield tag="040" ind1=" " ind2=" ">
    <subfield code="a">DPL</subfield>
    <subfield code="b">PN</subfield>
  </datafield>
  <datafield tag="082" ind1=" " ind2=" ">
    <subfield code="a">851.08</subfield>
    <subfield code="b">&#xA38;&#xA41;&#xA24;&#xA3F;&#xA70;&#xA26;</subfield>
  </datafield>
  <datafield tag="100" ind1=" " ind2=" ">
    <subfield code="a">&#xA38;&#xA41;&#xA24;&#xA3F;&#xA70;&#xA26;&#xA30; &#xA38;&#xA3F;&#xA70;&#xA18; &#xA28;&#xA42;&#xA30; </subfield>
    <subfield code="9">131684</subfield>
  </datafield>
  <datafield tag="245" ind1=" " ind2=" ">
    <subfield code="a">&#xA15;&#xA35;&#xA3F;&#xA24;&#xA3E; &#xA05;&#xA15;&#xA35;&#xA3F;&#xA24;&#xA3E; &#xA1A;&#xA3F;&#xA70;&#xA24;&#xA28; /</subfield>
    <subfield code="c">&#xA38;&#xA41;&#xA24;&#xA3F;&#xA70;&#xA26;&#xA30; &#xA38;&#xA3F;&#xA70;&#xA18; &#xA28;&#xA42;&#xA30; </subfield>
  </datafield>
  <datafield tag="246" ind1=" " ind2=" ">
    <subfield code="a">Kavita akavita chintan ; articles on contoemporary poetry and other problemetics of literature </subfield>
    <subfield code="b">by Sutinder Singh Noor </subfield>
  </datafield>
  <datafield tag="260" ind1=" " ind2=" ">
    <subfield code="a">&#xA32;&#xA41;&#xA27;&#xA3F;&#xA06;&#xA23;&#xA3E;</subfield>
    <subfield code="b">&#xA1A;&#xA47;&#xA24;&#xA28;&#xA3E; &#xA2A;&#xA4D;&#xA30;&#xA15;&#xA3E;&#xA38;&#xA3C;&#xA28; </subfield>
    <subfield code="c">2003</subfield>
  </datafield>
  <datafield tag="270" ind1=" " ind2=" ">
    <subfield code="b">&#xA26;&#xA3F;&#xA71;&#xA32;&#xA40; </subfield>
    <subfield code="a">7/4-A &#xA26;&#xA4B;&#xA09;&#xA2C;&#xA32;&#xA47; &#xA38;&#xA1F;&#xA4B;&#xA30;&#xA40; &#xA35;&#xA3F;&#xA1C;&#xA2F; &#xA28;&#xA17;&#xA30; </subfield>
    <subfield code="e">110009</subfield>
  </datafield>
  <datafield tag="300" ind1=" " ind2=" ">
    <subfield code="a">156p.</subfield>
    <subfield code="c">21cm(Hb)</subfield>
  </datafield>
  <datafield tag="650" ind1=" " ind2=" ">
    <subfield code="a">Literature </subfield>
    <subfield code="9">6262</subfield>
  </datafield>
  <datafield tag="650" ind1=" " ind2=" ">
    <subfield code="a">Punjabi literature   </subfield>
    <subfield code="9">131685</subfield>
  </datafield>
  <datafield tag="650" ind1=" " ind2=" ">
    <subfield code="a">&#xA38;&#xA3E;&#xA39;&#xA3F;&#xA24; -- &#xA2A;&#xA41;&#xA28;&#xA3E;&#xA2C;&#xA40; </subfield>
    <subfield code="9">131686</subfield>
  </datafield>
  <datafield tag="650" ind1=" " ind2=" ">
    <subfield code="a">&#xA2A;&#xA70;&#xA1C;&#xA3E;&#xA2C;&#xA40; &#xA38;&#xA3E;&#xA39;&#xA3F;&#xA24; </subfield>
    <subfield code="9">131687</subfield>
  </datafield>
  <datafield tag="942" ind1=" " ind2=" ">
    <subfield code="2">ddc</subfield>
    <subfield code="c">PN</subfield>
    <subfield code="h">851.08</subfield>
    <subfield code="m">&#xA38;&#xA41;&#xA24;&#xA3F;&#xA70;&#xA26;</subfield>
  </datafield>
  <datafield tag="999" ind1=" " ind2=" ">
    <subfield code="c">110802</subfield>
    <subfield code="d">110802</subfield>
  </datafield>
  <datafield tag="952" ind1=" " ind2=" ">
    <subfield code="0">0</subfield>
    <subfield code="1">0</subfield>
    <subfield code="4">0</subfield>
    <subfield code="7">0</subfield>
    <subfield code="a">L</subfield>
    <subfield code="b">L</subfield>
    <subfield code="d">2016-02-08</subfield>
    <subfield code="e">Cen Lib/Ret</subfield>
    <subfield code="g">160.00</subfield>
    <subfield code="l">0</subfield>
    <subfield code="o">851.08 &#xA38;&#xA41;&#xA24;&#xA3F;&#xA70;&#xA26;</subfield>
    <subfield code="p">B-081196</subfield>
    <subfield code="r">2016-02-08 00:00:00</subfield>
    <subfield code="t">1</subfield>
    <subfield code="v">160.00</subfield>
    <subfield code="w">2016-02-08</subfield>
    <subfield code="y">PN</subfield>
  </datafield>
</record>
